00493nam a2200157Ia 4500100002200000650001200022942000700034366000900041245004200050260002400092082001700116300000800133546001200141999001700153952016500170 aJawaharlal Nehru  aGeneral cBK f17.5 aLetters from a father to his daughter bPenguin Booksc2004 a920/JAWbJAW a154 aENGLISH c26534d26534 001040708CRCaCRCEbCRCEd2023-03-17eEducational books and periodicalsg206.25i258 dt 27/04/2009l0o920/JAW JAWp19599r2023-03-17v250.00w0000-00-00yBK